000 00588cam a22001934a 4500
020 _a9780073370682 (alk. paper)
020 _a0073370681 (alk. paper)
020 _a9780070164994 (pbk.)
020 _a0070164991 (pbk.)
050 0 0 _aBF698
_b.L37 2010
100 1 _aLarsen, Randy J.
245 1 0 _aPersonality psychology :
_bdomains of knowledge about human nature /
_cRandy Larsen, David Buss.
250 _a4th ed.
260 _aNew York :
_bMcGraw-Hill Higher Education,
_cc2010.
300 _axxii, 724 p. :
650 0 _vTextbooks.
700 1 _aBuss, David M.
942 _2lcc
_cGEN
999 _c6518
_d6518